| 000 | 004090000a22001570004500 | ||
|---|---|---|---|
| 020 | _a84-8280-177-5 | ||
| 041 | 0 | _aSPA | |
| 082 | 0 | 4 | _aG 861.37 G571a |
| 100 | 1 | _aGóngora, Luis de (1561-1627) | |
| 245 | 1 | 0 | _aAntología poética / Luis de Gongora |
| 260 | _aBogotá, Colombia : Oveja Negra | ||
| 300 | _a222 Pag | ||
| 440 | 0 | _aColección Historia Universal de la Literatura | |
| 001 | 13094 | ||
| 942 | _cBK | ||
| 999 |
_c42086 _d42086 |
||